| 000 | 00714nam a2200253Ia 4500 | ||
|---|---|---|---|
| 003 | OSt | ||
| 005 | 20220918174853.0 | ||
| 006 | a|||||r|||| 00| 0 | ||
| 007 | ta | ||
| 008 | 220917b |||||||| |||| 00| 0 eng d | ||
| 024 | _a14,483 | ||
| 037 | _cTextual | ||
| 040 |
_aARTS _cARTS _beng |
||
| 041 |
_2eng _aeng |
||
| 082 | _aNW58,N:g, M1 | ||
| 100 |
_aThompson Kristin _952057 |
||
| 245 | 0 |
_aEisenstein's ivan the terrible _b A neoformalist analysis |
|
| 260 |
_aPrinceton _bPrinceton Univ Press _c1981 |
||
| 300 |
_ax,321p. _ccm. |
||
| 500 | _aBibliography 307-16p; Appendix 303-06p | ||
| 650 | _aARTS | ||
| 942 |
_hNW58,N:g, M1 _cTEXL _2CC |
||
| 999 |
_c155031 _d155031 |
||